LEADER 00758nam a2200217 i 4500 001 000000086620 003 CaOOAMICUS 005 20250826171026.0 008 180830s1961 xx u000 u und u 013 $a58860 040 $aSeMil$bita 100 0 $aPalladius : Helenopolitanus,$d.$0(OLS)http://semarc/name/4909 245 10$aStoria lausiaca. 260 $aSiena :$bCantagalli,$c1961. 300 $a181 p. 700 1 $aGottardi, Gottardo.$0(OLS)http://semarc/name/39828 850 $aSeMil 852 $aSeMil$W1$xVenegono$y1$m74 1 176 *$j50275$B50275$CSeMilBibl$Z2$F54219 $81 996 $6245$aStoria lausiaca$9(OLS)http://semarc/title/132891 996 $6260$aSiena :$bCantagalli$9(OLS)http://semarc/publisher/29767 LEADER 01248nam a2200301 i 4500 001 000000127856 003 CaOOAMICUS 005 20200303153248.0 008 070613s2001 it u000 u ita u 013 $a100570 020 $a88-215-4519-9 040 $aSeMil$bita 100 1 $aFerrari, Curzia.$0(OLS)http://semarc/name/17100 245 13$aIl cavaliere nero :$bil romanzo di Ignazio di Loyola /$cCurzia Ferrari. 260 $aCinisello Balsamo :$bSan Paolo,$c2001. 300 $a366 p. ;$c22 cm. 500 $aFondo card. C.M. Martini. 600 04$aIgnazio : di Loyola .$0(OLS)http://semarc/subject/467 700 1 $aIgnacio : de Loyola,$c.$0(OLS)http://semarc/name/5631 830 0$aDimensioni dello spirito.$0(OLS)http://semarc/title/428593 850 $aSeMil 852 $aSeMil$W1$xVenegono$y1$m3H V 5$j82106$B82106$CSeMilBibl$Z2$F124945 $81 941 1 $a4 961 $aOmaggio: Martini Card. Carlo Maria 996 $6020$a88-215-4519-9$9(OLS)http://semarc/number/114359 996 $6245$aIl cavaliere nero :$bil romanzo di Ignazio di Loyola$9(OLS)http://semarc/title/188785 996 $6260$aCinisello Balsamo :$bSan Paolo$9(OLS)http://semarc/publisher/30129